Chaîne de villes - Facile - Statistiques

Statistiques générales
  • Ce quiz a été pris 723 fois
  • Le résultat moyen est 18 sur 24
Statistiques - réponses
Indice Ville % Correct
Ville américaine connue pour ses casinos Las Vegas
98%
Ville australienne abritant un célèbre opéra Sydney
97%
Anciennement nommée Lutèce Paris
95%
Plus grande ville de la péninsule de Corée Séoul
92%
Ville composée de cinq arrondissements dont Brooklyn et Manhattan New York
87%
Capitale Européenne attaquée par la Russie en 2022 Kiev
86%
Ville californienne où l'on peut traverser le pont du Golden Gate San Francisco
86%
Ville connue pour ses canaux et ses gondoles Venise
86%
Capitale d'une des quatre nations du Royaume-Uni Edimbourg
83%
Ville néerlandaise abritant le plus grand port d'Europe Rotterdam
81%
Libérée par Jeanne d'Arc Orléans
79%
Ville francophone bordant le lac Léman Genève
78%
Anciennement nommée Léningrad Saint-Pétersbourg
76%
Ville brésilienne dont l'aire urbaine est la plus peuplée d'Amérique São Paulo
76%
Plus grande ville francophone du continent américain Montréal
72%
Capitale du Cameroun Yaoundé
69%
Cité des papes dans le Vaucluse Avignon
68%
Capitale d'Amérique Centrale qui partage son nom avec celui de son pays Guatemala
65%
Capitale historique de la Bretagne Nantes
65%
Grande ville japonaise située à proximité de Kyoto et de Kobe Osaka
58%
Plus grande ville de Côte d'Ivoire Abidjan
55%
Préfecture de l'Essonne Évry-Courcouronnes
51%
Plus grande ville d'Afrique de l'Ouest Lagos
48%
Grande ville située au sud de la péninsule malaise Singapour
46%
Aucun quiz correspondant
Distribution des résultats
% des personnes avec chaque résultat
Percentile par nombre de réponses
Votre historique - résultats
Vous n’avez pas pris ce quiz